[Event "WLS-ch Major 65th"]
[Site "Cardiff"]
[Date "2019.04.21"]
[Round "5"]
[White "McIntosh, Rachel"]
[Black "Quinn, Peter"]
[Result "1/2-1/2"]
[WhiteElo "1502"]
[BlackElo "1784"]
[PlyCount "69"]
[EventDate "2019.04.19"]
[EventType "swiss"]
[EventRounds "7"]
[EventCountry "WLS"]
[SourceTitle "CBM 190 Extra"]
[Source "ChessBase"]
[SourceDate "2019.07.15"]
[SourceVersion "1"]
[SourceVersionDate "2019.07.15"]
[SourceQuality "1"]

1. e4 Nf6 2. e5 Nd5 3. d4 d6 4. Nf3 g6 5. Bc4 Nb6 6. Bb3 Bg7 7. Ng5 0-0 8. e6 d5 9. Nxf7 Qe8 10. Qg4 Qc6 11. Nh6+ Kh8 12. 0-0 Bxe6 13. Qh4 Bf6 14. Bg5 N8d7 15. c3 Bxg5 16. Qxg5 Rf6 17. Nd2 Qd6 18. Rfe1 Nf8 19. Re5 c6 20. Rae1 Re8 21. Bd1 Nc8 22. Bg4 Bxg4 23. Nxg4 Rf7 24. Nh6 Rf6 25. Nf3 Kg7 26. Ng4 Rf7 27. Qh6+ Kg8 28. Ng5 Rg7 29. Ne6 Rf7 30. Nxf8 Rexf8 31. Qe3 Kg7 32. Re6 Qf4 33. Qxf4 Rxf4 34. f3 h5 35. Nf2 1/2-1/2

[Event "WLS-ch Major 65th"]
[Site "Cardiff"]
[Date "2019.04.19"]
[Round "2"]
[White "Buttell, David"]
[Black "McIntosh, Rachel"]
[Result "1-0"]
[WhiteElo "1809"]
[BlackElo "1502"]
[PlyCount "89"]
[EventDate "2019.04.19"]
[EventType "swiss"]
[EventRounds "7"]
[EventCountry "WLS"]
[SourceTitle "CBM 190 Extra"]
[Source "ChessBase"]
[SourceDate "2019.07.15"]
[SourceVersion "1"]
[SourceVersionDate "2019.07.15"]
[SourceQuality "1"]

1. d4 Nf6 2. c4 g6 3. Nc3 Bg7 4. e4 d6 5. f3 0-0 6. Be3 e5 7. d5 Nfd7 8. Bd3 f5 9. Nge2 Nf6 10. Qd2 f4 11. Bf2 g5 12. h3 Qe7 13. b4 h5 14. Nc1 Bh6 15. Nb3 Qg7 16. 0-0-0 g4 17. hxg4 hxg4 18. Rdg1 Kf7 19. Kb2 Rh8 20. c5 Bd7 21. b5 Bg5 22. c6 Bc8 23. cxb7 Bxb7 24. Na5 Bc8 25. Nc6 Nxc6 26. bxc6 g3 27. Be1 a6 28. Ka1 Rh6 29. Qe2 Qh7 30. Rxh6 Qxh6 31. Nd1 Ng8 32. Nb2 Ne7 33. Nc4 Ng6 34. Ba5 Ra7 35. Qb2 Qh2 36. Rb1 Ra8 37. Bxc7 Be7 38. Bxd6 Bxd6 39. Nxd6+ Kf6 40. Nxc8 Rxc8 41. Bxa6 Rf8 42. c7 Ne7 43. d6 Nc8 44. d7 Qh8 45. Bxc8 1-0

[Event "BCF-chT4S 1819 (4NCL)"]
[Site "England"]
[Date "2019.04.14"]
[Round "8.113"]
[White "McIntosh, Rachel"]
[Black "Henbest, Kevin B"]
[Result "0-1"]
[WhiteElo "1502"]
[BlackElo "1639"]
[PlyCount "58"]
[EventDate "2018.11.17"]
[EventType "team-swiss"]
[EventRounds "11"]
[EventCountry "ENG"]
[SourceTitle "EXT 2021"]
[Source "ChessBase"]
[SourceDate "2020.10.23"]
[SourceVersion "1"]
[SourceVersionDate "2020.10.23"]
[SourceQuality "1"]
[WhiteTeam "West is Best IV"]
[BlackTeam "Oxford IV"]
[WhiteTeamCountry "ENG"]
[BlackTeamCountry "ENG"]

1. e4 c5 2. Nc3 d6 3. f4 Nc6 4. Nf3 Nf6 5. Bc4 e6 6. d3 Be7 7. 0-0 0-0 8. Qe1 Qc7 9. h3 a6 10. a4 Na5 11. Ba2 Bd7 12. f5 c4 13. Qh4 exf5 14. exf5 Bxf5 15. Nd4 Bg6 16. Nf5 Bxf5 17. Rxf5 cxd3 18. cxd3 Nc6 19. Qg3 Ne5 20. d4 Ng6 21. h4 Qd7 22. Bb1 d5 23. Ne2 Ne4 24. Bxe4 dxe4 25. Rf1 Bxh4 26. Qb3 Rac8 27. Be3 Qg4 28. Bf2 Qxe2 29. Rae1 Bxf2+ 0-1

[Event "South Wales Autumn Premier"]
[Site "Newport"]
[Date "2018.11.18"]
[Round "4"]
[White "Smith, George1111"]
[Black "McIntosh, Rachel"]
[Result "1/2-1/2"]
[WhiteElo "1496"]
[BlackElo "1556"]
[PlyCount "46"]
[EventDate "2018.11.16"]
[EventType "swiss"]
[EventRounds "5"]
[EventCountry "WLS"]
[SourceTitle "EXT 2020"]
[Source "ChessBase"]
[SourceDate "2019.10.17"]
[SourceVersion "1"]
[SourceVersionDate "2019.10.17"]
[SourceQuality "1"]

1. d4 Nf6 2. Nc3 d5 3. Bg5 Nbd7 4. Qd2 e6 5. 0-0-0 c5 6. f3 cxd4 7. Qxd4 Bc5 8. Bxf6 Qxf6 9. Qxf6 Be3+ 10. Kb1 Nxf6 11. Rd3 Bb6 12. e3 0-0 13. Nge2 Rd8 14. e4 dxe4 15. Rxd8+ Bxd8 16. Nxe4 Nxe4 17. fxe4 b6 18. Nc3 Bb7 19. Bd3 Bc7 20. g3 f5 21. Rf1 fxe4 22. Nxe4 h6 23. Nc3 Rd8 1/2-1/2

[Event "Tom Weston Major op"]
[Site "Cardiff"]
[Date "2018.04.02"]
[Round "7"]
[White "McIntosh, Rachel"]
[Black "James, Dai"]
[Result "1/2-1/2"]
[WhiteElo "1453"]
[BlackElo "1850"]
[PlyCount "63"]
[EventDate "2018.03.30"]
[EventType "swiss"]
[EventRounds "7"]
[EventCountry "WLS"]
[SourceTitle "EXT 2020"]
[Source "ChessBase"]
[SourceDate "2019.10.17"]
[SourceVersion "1"]
[SourceVersionDate "2019.10.17"]
[SourceQuality "1"]

1. e4 e5 2. Nf3 Nc6 3. d4 exd4 4. Nxd4 Bc5 5. Be3 Qf6 6. c3 Nge7 7. Bc4 0-0 8. 0-0 Bb6 9. Na3 Ne5 10. f4 Nxc4 11. Nxc4 d5 12. Nxb6 axb6 13. exd5 Nxd5 14. Qf3 Nxe3 15. Qxe3 Bd7 16. Rfe1 Rfe8 17. Qf2 Bc6 18. a3 h5 19. Nxc6 Qxc6 20. Rad1 Rxe1+ 21. Rxe1 Re8 22. Rxe8+ Qxe8 23. h3 Qe4 24. Qd2 Kh7 25. Kf2 Kg6 26. Qe3 Qc2+ 27. Qe2 Qxe2+ 28. Kxe2 Kf5 29. Ke3 h4 30. Kf3 b5 31. b3 c5 32. c4 1/2-1/2

[Event "Tom Weston Major op"]
[Site "Cardiff"]
[Date "2018.04.02"]
[Round "6"]
[White "Williams, Stephen"]
[Black "McIntosh, Rachel"]
[Result "0-1"]
[WhiteElo "1683"]
[BlackElo "1453"]
[PlyCount "112"]
[EventDate "2018.03.30"]
[EventType "swiss"]
[EventRounds "7"]
[EventCountry "WLS"]
[SourceTitle "EXT 2020"]
[Source "ChessBase"]
[SourceDate "2019.10.17"]
[SourceVersion "1"]
[SourceVersionDate "2019.10.17"]
[SourceQuality "1"]

1. d4 Nf6 2. c4 e5 3. dxe5 Ng4 4. Bf4 Bb4+ 5. Nd2 Nc6 6. Ngf3 Qe7 7. a3 Ngxe5 8. Nxe5 Nxe5 9. e3 Bxd2+ 10. Qxd2 d6 11. Qd5 Ng6 12. Bg3 0-0 13. Be2 Rb8 14. Rd1 b6 15. 0-0 Bb7 16. Qd4 Rfe8 17. b4 Rbd8 18. Qc3 c5 19. Rd2 Nh4 20. Rfd1 Nf5 21. Bf3 Bxf3 22. gxf3 Nxg3 23. hxg3 Rd7 24. Rd5 Red8 25. Qd3 Qf6 26. e4 Qe6 27. Kg2 f6 28. f4 Kf8 29. e5 f5 30. exd6 Qe4+ 31. f3 Qxd3 32. R1xd3 g6 33. g4 fxg4 34. fxg4 Rc8 35. b5 Re8 36. Re5 Red8 37. Re6 Re8 38. f5 Kf7 39. Rde3 Red8 40. Re7+ Rxe7 41. Rxe7+ Kf6 42. Re6+ Kg5 43. f6 Rd7 44. f7 Rxf7 45. Re7 Rf8 46. Kg3 h6 47. d7 Rd8 48. Re5+ Kf6 49. Rd5 Ke6 50. Kf4 Rxd7 51. Re5+ Kf6 52. Re4 Rd4 53. g5+ hxg5+ 54. Ke3 Rxe4+ 55. Kxe4 Ke6 56. Kf3 Ke5 0-1